[Event "Russia"]
[Site "?"]
[Date "2004.??.??"]
[Round "?"]
[White "Moiseenko, A."]
[Black "Yakovich, Yuri"]
[Result "1-0"]
[WhiteElo "2630"]
[BlackElo "2595"]
[PlyCount "53"]
[EventDate "2004.??.??"]
[Source "Chess Informant"]
[SourceDate "2004.10.01"]

1. e4 c5 2. Nf3 Nc6 3. d4 cxd4 4. Nxd4 Qb6 5. Nb3 Nf6 6. Bd3 d5 7. Nc3 Nxe4 8. Nxe4 dxe4 9. Be3 Qc7 10. Bxe4 g6 11. Bxc6+ Qxc6 12. Qd4 f6 13. O-O Bg7 14. Qb4 b6 15. Nd4 Qd7 16. Qc4 e6 17. Rfd1 O-O 18. Nf5 Qb7 19. Nxg7 Kxg7 20. Rd6 Bd7 21. Rad1 Rf7 22. Bd4 Bc8 23. f4 Qe7 24. Bc3 Qc7 25. Bxf6+ Kxf6 26. Qd4+ Ke7 27. Rc6 1-0

[Event "North Bay Open"]
[Site "North Bay CAN"]
[Date "1994.??.??"]
[Round "?"]
[White "Shabalov, Alexander"]
[Black "Yermolinsky, Alex"]
[Result "1/2-1/2"]
[WhiteElo "2590"]
[BlackElo "2620"]
[PlyCount "35"]
[EventDate "1994.??.??"]
[Source "www.chesslib.no"]
[SourceDate "2004.05.04"]

1. e4 c5 2. Nf3 Nc6 3. d4 cxd4 4. Nxd4 Qb6 5. Nf5 a6 6. Be3 Qd8 7. Nd4 Nf6 8. Nc3 e5 9. Nf5 d5 10. exd5 Nb4 11. Ng3 Nbxd5 12. Bd2 Be6 13. Be2 Be7 14. O-O Qc7 15. Nxd5 Nxd5 16. Bg4 Bxg4 17. Qxg4 g6 18. c4 1/2-1/2

[Event "Alekhine op"]
[Site "Moscow"]
[Date "1992.??.??"]
[Round "?"]
[White "Ehlvest, Jaan"]
[Black "Smirin, Ilia"]
[Result "1-0"]
[WhiteElo "2635"]
[BlackElo "2555"]
[PlyCount "47"]
[EventDate "1992.10.??"]
[Source "ChessBase"]

1. e4 c5 2. Nf3 Nc6 3. d4 cxd4 4. Nxd4 Qb6 5. Nb5 a6 6. Be3 Qa5+ 7. N5c3 e6 8. Nd2 b5 9. a4 b4 10. Nc4 Qc7 11. Nd5 exd5 12. exd5 Nd8 13. Qe2 d6 14. Bb6+ Qe7 15. Nxd6+ Kd7 16. Ne4 Bb7 17. O-O-O f5 18. Nc5+ Ke8 19. d6 Qxe2 20. Bxe2 Nf6 21. Bxd8 Bxg2 22. Bxf6 Bxh1 23. Bh5+ g6 24. Bxh8 1-0

[Event "Goodricke 13th op"]
[Site "Calcutta"]
[Date "2002.03.22"]
[Round "6"]
[White "Sulskis, Sarunas"]
[Black "Yegiazarian, Arsen"]
[Result "1-0"]
[WhiteElo "2579"]
[BlackElo "2567"]
[PlyCount "75"]
[EventDate "2002.03.17"]
[Source "ChessBase"]
[SourceDate "2002.03.21"]

1. e4 c5 2. Nf3 Nc6 3. d4 cxd4 4. Nxd4 Qb6 5. Be3 Qxb2 6. Nb3 Qe5 7. Bd3 Nf6 8. O-O e6 9. f4 Qc7 10. c4 d6 11. Nc3 Be7 12. Rc1 Qd8 13. Qf3 O-O 14. Rcd1 e5 15. f5 b6 16. g4 Ne8 17. Nd5 Bg5 18. Bxg5 Qxg5 19. Qg3 h5 20. gxh5 Qxg3+ 21. hxg3 Nf6 22. h6 Nxd5 23. exd5 Nb4 24. hxg7 Kxg7 25. f6+ Kh6 26. Bb1 Bg4 27. Rd2 Kg5 28. Rh2 Rh8 29. Nd2 Rxh2 30. Ne4+ Kh6 31. Kxh2 Be2 32. Re1 Bxc4 33. Nxd6 Bxd5 34. Rxe5 Bxa2 35. Be4 Rh8 36. Rb5 Rd8 37. g4 Bd5 38. Rxd5 1-0

[Event "Asheville"]
[Site "?"]
[Date "1992.??.??"]
[Round "?"]
[White "Kaidanov, G."]
[Black "Yermolinsky, A."]
[Result "0-1"]
[WhiteElo "2550"]
[BlackElo "2595"]
[PlyCount "126"]
[EventDate "1992.??.??"]
[Source "ChessBase"]
[SourceDate "1992.02.01"]

1. e4 c5 2. Nf3 Nc6 3. d4 cxd4 4. Nxd4 Qb6 5. Nb5 a6 6. Be3 Qd8 7. N5c3 e6 8. Na4 b5 9. Nb6 Rb8 10. Nxc8 Qxc8 11. Bf4 e5 12. Be3 Nf6 13. Bd3 d5 14. exd5 Nxd5 15. O-O Nxe3 16. fxe3 Bc5 17. Bf5 Qc7 18. Nc3 Ne7 19. Qf3 O-O 20. Rad1 Nxf5 21. Qxf5 Bxe3+ 22. Kh1 Bd4 23. Ne4 Qc8 24. Qxc8 Rbxc8 25. c3 Bb6 26. Rd6 Rb8 27. g4 Rfd8 28. Rfd1 Kf8 29. R1d5 Bc7 30. Rxd8+ Rxd8 31. Rc5 Rd7 32. Kg2 Ke7 33. Rc6 a5 34. Kf3 Kd8 35. Ke2 Rd5 36. Ra6 b4 37. Ra8+ Ke7 38. Rc8 Bd8 39. Rb8 bxc3 40. bxc3 g6 41. g5 Ke6 42. Rb7 Kf5 43. Ng3+ Kxg5 44. Rxf7 h5 45. a4 Kh4 46. Ne4 Kh3 47. Rg7 g5 48. Nxg5+ Bxg5 49. Rxg5 h4 50. Rh5 Rc5 51. Kd2 Kg4 52. Rh8 Rc4 53. Re8 Kf4 54. Rf8+ Ke4 55. Rh8 Kf3 56. Rh5 Rxa4 57. Rxe5 h3 58. Kd3 Ra2 59. c4 a4 60. Ra5 Rxh2 61. Rxa4 Rh1 62. Ra3 h2 63. Kd4+ Kg4 0-1

[Event "Bundesliga 2007-8"]
[Site "Muelheim GER"]
[Date "2008.03.08"]
[Round "10"]
[White "Degraeve, JM."]
[Black "Golod, V."]
[Result "1/2-1/2"]
[WhiteElo "2535"]
[BlackElo "2606"]
[PlyCount "83"]
[EventDate "2008.02.09"]
[Source "www.chesslib.no"]
[SourceDate "2004.05.04"]

1. e4 c5 2. Nf3 Nc6 3. d4 cxd4 4. Nxd4 Qb6 5. Nxc6 bxc6 6. Bd3 Nf6 7. O-O e5 8. b3 Be7 9. Bb2 d6 10. Nd2 Be6 11. Qe2 O-O 12. Nc4 Bxc4 13. Bxc4 d5 14. Bd3 Bd6 15. Kh1 Rfe8 16. Rae1 Re7 17. Qf3 Rd8 18. Bc1 Re6 19. Bg5 h6 20. Bh4 Bb4 21. Re2 dxe4 22. Bxe4 Rd4 23. Bxf6 Rxf6 24. Qh3 Qd8 25. Bd3 Qd5 26. Qc8+ Bf8 27. Rfe1 Qd8 28. Qxd8 Rxd8 29. f3 Bb4 30. Rd1 Rd5 31. c4 Rd4 32. Rxe5 g6 33. c5 Rf5 34. Rxf5 gxf5 35. g3 Kg7 36. f4 Bxc5 37. Kg2 Bb6 38. Kf3 Rd6 39. Ke2 Re6+ 40. Kf1 Rd6 41. Ke2 Re6+ 42. Kf1 1/2-1/2

[Event "RUS-Cup4"]
[Site "Perm"]
[Date "1997.02.12"]
[Round "5"]
[White "Dvoirys, Semen I"]
[Black "Lastin, Alexander"]
[Result "1-0"]
[WhiteElo "2590"]
[BlackElo "2535"]
[PlyCount "117"]
[EventDate "1997.02.02"]
[Source "ChessBase"]

1. e4 c5 2. Nf3 Nc6 3. d4 cxd4 4. Nxd4 Qb6 5. Nb5 a6 6. N5c3 e6 7. Bd3 Nf6 8. O-O Be7 9. Nd2 O-O 10. Kh1 d5 11. exd5 exd5 12. Nb3 Rd8 13. Bf4 Bg4 14. Qe1 Rac8 15. a3 Nh5 16. Bd2 Bh4 17. h3 Re8 18. Nxd5 Qd8 19. Ne3 Be6 20. Qd1 Nf4 21. Bf5 Bf6 22. Qg4 Ng6 23. Bxe6 Rxe6 24. Rad1 Qf8 25. Bc1 Rce8 26. Nd5 Be5 27. c4 h6 28. c5 Kh7 29. Ne3 Bf6 30. Qf5 a5 31. Nd5 a4 32. Nd2 Bd4 33. Nf3 Bxc5 34. Nc7 Rf6 35. Qh5 Rd8 36. Ng5+ Kh8 37. Ne4 Bd4 38. Nxf6 Bxf6 39. Nd5 Bd4 40. Nc3 Ra8 41. Qb5 Bxc3 42. bxc3 Qc8 43. Rfe1 Ra5 44. Qd3 Nge5 45. Qe4 Rc5 46. Qxa4 Rxc3 47. Re3 Rc4 48. Qb3 f6 49. Bb2 Rf4 50. Bxe5 Nxe5 51. Rc3 Nc6 52. Kg1 Qc7 53. Rcd3 Ne5 54. Rd8+ Kh7 55. Qb1+ f5 56. R8d4 Nc4 57. Qc1 Rxd4 58. Rxd4 b5 59. Rd5 1-0

[Event "Tch (Men) 2005/2006 CZE"]
[Site "?"]
[Date "2006.02.25"]
[Round "8"]
[White "Petrik Tomas"]
[Black "Movsesian Sergei"]
[Result "1/2-1/2"]
[WhiteElo "2489"]
[BlackElo "2632"]
[PlyCount "95"]
[EventDate "2006.??.??"]
[Source "www.chesslib.no"]
[SourceDate "2004.05.04"]

1. e4 c5 2. Nf3 Nc6 3. d4 cxd4 4. Nxd4 Qb6 5. Nb3 Nf6 6. Bd3 e6 7. O-O Be7 8. Nc3 d6 9. a4 O-O 10. Kh1 Qc7 11. a5 Nb4 12. f4 Bd7 13. Qe2 e5 14. Bd2 Qd8 15. Nd5 Nbxd5 16. exd5 Bg4 17. Qe1 exf4 18. Bxf4 Bh5 19. c4 Re8 20. Nd4 a6 21. Qb4 Qd7 22. Nf5 Rad8 23. Nxe7+ Qxe7 24. Bg5 Nxd5 25. Bxe7 Nxb4 26. Bxd8 Nxd3 27. Bc7 Be2 28. Rfb1 Rc8 29. Bxd6 Rxc4 30. Ra3 Rd4 31. Rc3 h5 32. Bc5 Rd5 33. Bb6 h4 34. h3 g5 35. Rc2 Nf4 36. Re1 Bb5 37. Kh2 Ne6 38. Be3 Bc6 39. b4 Rd3 40. Bc1 Kg7 41. Rf2 Rg3 42. Re3 Rxe3 43. Bxe3 Kg6 44. Kg1 f5 45. Rd2 g4 46. Rd6 Kf7 47. hxg4 fxg4 48. Rxe6 1/2-1/2

[Event "Tch (Men) 2005/2006 CZE"]
[Site "?"]
[Date "2005.10.16"]
[Round "2"]
[White "Mista Aleksander"]
[Black "Movsesian Sergei"]
[Result "1/2-1/2"]
[WhiteElo "2479"]
[BlackElo "2635"]
[PlyCount "57"]
[EventDate "2005.??.??"]
[Source "www.chesslib.no"]
[SourceDate "2004.05.04"]

1. e4 c5 2. Nf3 Nc6 3. d4 cxd4 4. Nxd4 Qb6 5. Nb3 Nf6 6. Bd3 e6 7. O-O Be7 8. Re1 d6 9. c4 Ne5 10. Bf1 O-O 11. Nc3 a6 12. Be3 Qc7 13. Rc1 b6 14. f3 Bd7 15. h3 Qb7 16. f4 Ng6 17. Qd4 Rab8 18. e5 Ne8 19. Ne4 dxe5 20. fxe5 f6 21. exf6 Nxf6 22. Nxf6+ Rxf6 23. c5 Nh4 24. Bf2 Nxg2 25. Bxg2 Rg6 26. c6 Bxc6 27. Rxc6 Qxc6 28. Qe4 Qd7 29. Kh1 1/2-1/2

[Event "Carlos Torre mem 14th"]
[Site "Merida"]
[Date "2001.12.22"]
[Round "11"]
[White "Dominguez, Lenier"]
[Black "Gonzalez, Juan Carlos"]
[Result "1-0"]
[WhiteElo "2596"]
[BlackElo "2517"]
[PlyCount "71"]
[EventDate "2001.12.01"]
[Source "ChessBase"]
[SourceDate "2002.01.21"]

1. e4 c5 2. Nf3 Nc6 3. d4 cxd4 4. Nxd4 Qb6 5. Nb3 Nf6 6. Bd3 d6 7. O-O g6 8. c4 Bg7 9. Nc3 O-O 10. Be3 Qd8 11. Be2 b6 12. f3 Bb7 13. Qd2 Rc8 14. Rac1 Nd7 15. Rfd1 Nc5 16. Nd4 Nxd4 17. Bxd4 Bxd4+ 18. Qxd4 Qe8 19. b4 Ne6 20. Qe3 Nc7 21. a4 f5 22. c5 bxc5 23. bxc5 dxc5 24. Bc4+ Kg7 25. Qxc5 a6 26. Rb1 Ba8 27. Qd4+ Kh6 28. Rb6 fxe4 29. Nxe4 Bxe4 30. Qxe4 Rf6 31. Re1 Qd7 32. Qe3+ g5 33. h4 Qf5 34. Bd3 Qf4 35. Qxf4 gxf4 36. Rxe7 1-0

[Event "Corr"]
[Site "?"]
[Date "2000.??.??"]
[Round "?"]
[White "Alvarez Roberto Gabriel"]
[Black "Nagy Milan"]
[Result "1-0"]
[WhiteElo "2633"]
[BlackElo "2478"]
[PlyCount "83"]
[EventDate "2000.??.??"]
[Source "www.chesslib.no"]
[SourceDate "2004.05.04"]

1. e4 c5 2. Nf3 Nc6 3. d4 cxd4 4. Nxd4 Qb6 5. Nb3 Nf6 6. Nc3 a6 7. Bd3 e6 8. O-O d6 9. a4 Be7 10. a5 Qc7 11. Be3 Bd7 12. Na4 O-O 13. Nb6 Rab8 14. c4 Rbd8 15. f3 Be8 16. Rc1 Nb4 17. Bb1 Nc6 18. f4 Nd7 19. Qe1 h6 20. Rd1 Bf6 21. Qd2 Be7 22. Qc2 Nf6 23. Bd2 Nh7 24. Kh1 Kh8 25. Bc3 Rg8 26. Nd4 Nf8 27. b4 Nxd4 28. Bxd4 f6 29. f5 e5 30. Nd5 Qd7 31. Bb6 Rc8 32. Ba2 Bh5 33. Rd3 Bf7 34. c5 Nh7 35. Bb3 Bxd5 36. Bxd5 Rgf8 37. Rfd1 Rb8 38. Be6 Qc6 39. Rc3 dxc5 40. Bd7 cxb4 41. Rxc6 bxc6 42. Qxc6 1-0

[Event "BIH-chT"]
[Site "Neum"]
[Date "2002.06.08"]
[Round "9.1"]
[White "Kobalija, Mihail"]
[Black "Bistric, Faruk"]
[Result "1/2-1/2"]
[WhiteElo "2602"]
[BlackElo "2494"]
[PlyCount "46"]
[EventDate "2002.06.02"]
[Source "ChessBase"]
[SourceDate "2002.09.20"]

1. e4 c5 2. Nf3 Nc6 3. d4 cxd4 4. Nxd4 Qb6 5. Nb5 a6 6. Be3 Qd8 7. Nd4 Nf6 8. Nc3 d6 9. f3 Nxd4 10. Qxd4 g6 11. O-O-O Bg7 12. Qd2 Qa5 13. Kb1 Be6 14. Bd4 Rc8 15. a3 Kf8 16. h4 h5 17. Be2 b5 18. Rhe1 Rb8 19. Bf1 Rg8 20. e5 dxe5 21. Bxe5 Rb7 22. Qd4 Rd7 23. Qf4 Qb6 1/2-1/2

[Event "Essent Open"]
[Site "Hoogeveen"]
[Date "2004.10.21"]
[Round "7"]
[White "L'Ami, Erwin"]
[Black "Goloshchapov, Alexander"]
[Result "1/2-1/2"]
[WhiteElo "2516"]
[BlackElo "2566"]
[PlyCount "36"]
[EventDate "2004.10.15"]
[Source "Roberto Alvarez"]
[SourceDate "2004.10.25"]

1. e4 c5 2. Nf3 Nc6 3. d4 cxd4 4. Nxd4 Qb6 5. Nf3 Nf6 6. Nc3 e6 7. Bd3 d6 8. O-O a6 9. b3 Be7 10. Bb2 O-O 11. Na4 Qc7 12. c4 b6 13. Qe2 Bb7 14. e5 dxe5 15. Nxe5 Nb4 16. Bd4 Nxd3 17. Qxd3 Ne4 18. Rfe1 Nc5 1/2-1/2

[Event "Noyabrsk Fakel Jamala"]
[Site "Noyabrsk"]
[Date "2003.11.28"]
[Round "11"]
[White "Brodsky, Michail"]
[Black "Shtyrenkov, Veniamen"]
[Result "1/2-1/2"]
[WhiteElo "2559"]
[BlackElo "2502"]
[PlyCount "97"]
[EventDate "2003.11.18"]
[Source "ChessBase"]
[SourceDate "2004.03.30"]

1. e4 c5 2. Nf3 Nc6 3. d4 cxd4 4. Nxd4 Qb6 5. Nb5 a6 6. Be3 Qd8 7. N5c3 b5 8. a4 b4 9. Nd5 Rb8 10. Bg5 d6 11. Nd2 h6 12. Bh4 g5 13. Bg3 Bg7 14. Rb1 Nf6 15. Ne3 Qb6 16. Ndc4 Qc5 17. f3 Nh5 18. Bf2 Bd4 19. Qd2 Be6 20. Rd1 Bxc4 21. Nxc4 Bxf2+ 22. Qxf2 Qxf2+ 23. Kxf2 Nf6 24. h4 g4 25. Nxd6+ exd6 26. Rxd6 Rc8 27. Rxf6 Ke7 28. Rf5 Nd4 29. Re5+ Kf6 30. Rd5 Rxc2+ 31. Ke3 Ne6 32. fxg4 Rg8 33. g5+ hxg5 34. hxg5+ Nxg5 35. Rh6+ Ke7 36. Rxa6 Rxb2 37. Ra7+ Kf6 38. Bc4 Rxg2 39. Rf5+ Kg6 40. Bxf7+ Nxf7 41. Rfxf7 b3 42. Rfb7 Kh5 43. Rh7+ Kg6 44. Rhb7 Kh5 45. Rb5+ R8g5 46. Rab7 Ra2 47. Rxb3 Rxa4 48. R3b6 Rg3+ 49. Kf4 1/2-1/2

[Event "it (op)"]
[Site "?"]
[Date "2005.10.28"]
[Round "8"]
[White "Van der Wiel John TH"]
[Black "Rogers Ian"]
[Result "1/2-1/2"]
[WhiteElo "2503"]
[BlackElo "2556"]
[PlyCount "32"]
[EventDate "2005.??.??"]
[Source "www.chesslib.no"]
[SourceDate "2004.05.04"]

1. e4 c5 2. Nf3 Nc6 3. d4 cxd4 4. Nxd4 a6 5. Nxc6 bxc6 6. Nc3 e5 7. Qh5 d6 8. Bc4 Ra7 9. Be3 Rd7 10. Be6 Rb7 11. Bxc8 Qxc8 12. O-O-O Nf6 13. Qe2 Rb8 14. Bg5 Nd7 15. Kb1 Qb7 16. b3 Nc5 1/2-1/2

[Event "Rilton Cup"]
[Site "Rilton Cup"]
[Date "1988.??.??"]
[Round "?"]
[White "Wedberg, Tom"]
[Black "Boensch, Uwe"]
[Result "1-0"]
[WhiteElo "2475"]
[BlackElo "2575"]
[PlyCount "81"]
[EventDate "1988.??.??"]
[Source "www.chesslib.no"]
[SourceDate "2004.05.04"]

1. e4 c5 2. Nf3 Nc6 3. d4 cxd4 4. Nxd4 Qb6 5. Nb3 Nf6 6. Bd3 e6 7. Nc3 Bb4 8. O-O O-O 9. Bg5 Bxc3 10. bxc3 Ne8 11. Kh1 Qc7 12. f4 f6 13. Bh4 b6 14. Qh5 Bb7 15. Rae1 Rf7 16. Re3 Ne7 17. c4 Rc8 18. e5 f5 19. Rh3 g6 20. Qh6 Qc6 21. Rg1 Qa4 22. Nd2 d6 23. Nf3 Qd7 24. Bf6 Nxf6 25. exf6 Nc6 26. Ng5 Rc7 27. Nxf7 Qxf7 28. Qg5 Nb8 29. Re1 Na6 30. Rhe3 Bc8 31. Bxf5 Nc5 32. Bd3 Nxd3 33. cxd3 Rc5 34. Qh4 Rf5 35. d4 Rxf6 36. d5 e5 37. g3 b5 38. Kg1 Qf8 39. fxe5 dxe5 40. Rxe5 Qc5+ 41. Kh1 1-0

[Event "Daugavpils"]
[Site "?"]
[Date "1989.??.??"]
[Round "?"]
[White "Kupreichik, V."]
[Black "Akopian, V."]
[Result "0-1"]
[WhiteElo "2520"]
[BlackElo "2525"]
[PlyCount "92"]
[EventDate "1989.??.??"]
[Source "ChessBase"]
[SourceDate "1989.07.01"]

1. e4 c5 2. Nf3 Nc6 3. d4 cxd4 4. Nxd4 Qb6 5. Nb5 Nf6 6. Be3 Qd8 7. N1c3 a6 8. Nd4 d6 9. Be2 e6 10. f4 Be7 11. Qd2 Bd7 12. O-O-O b5 13. Bf3 Rc8 14. Qf2 Qc7 15. g4 b4 16. Nce2 e5 17. Nf5 Bxf5 18. Bb6 Qb7 19. gxf5 exf4 20. Nxf4 Ne5 21. Bd4 Nxe4 22. Bxe4 Qxe4 23. Nh5 Ng4 24. Qd2 Bg5 25. Rde1 Bxd2+ 26. Kxd2 Rxc2+ 27. Kd1 Ne3+ 28. Rxe3 Qxe3 29. Bxe3 Rxb2 30. Rg1 Rxh2 31. Nxg7+ Kd7 32. Bd2 h5 33. f6 h4 34. Nf5 h3 35. Ne3 Rf2 36. Ke1 Rxf6 37. Bxb4 Rh4 38. Bd2 Rg6 39. Rh1 Ke6 40. Kf2 f5 41. Re1 Rf4+ 42. Ke2 d5 43. Rh1 d4 44. Nxf5 Rg2+ 45. Kd1 Rxf5 46. Rxh3 Rf1+ 0-1

[Event "FRA-NED"]
[Site "Cannes"]
[Date "1990.??.??"]
[Round "3"]
[White "Van der Wiel, John TH"]
[Black "Kouatly, Bachar"]
[Result "1/2-1/2"]
[WhiteElo "2550"]
[BlackElo "2490"]
[PlyCount "37"]
[EventDate "1990.02.??"]
[Source "ChessBase"]

1. e4 c5 2. Nf3 Nc6 3. d4 cxd4 4. Nxd4 Qb6 5. Be3 Qxb2 6. Nxc6 bxc6 7. Nd2 d6 8. Rb1 Qc3 9. Bd3 Nf6 10. O-O Qa5 11. Nc4 Qc7 12. f4 e5 13. Qe1 Be6 14. Na5 exf4 15. Bxf4 Nd7 16. Rb7 Qc8 17. Ba6 Be7 18. Qe2 O-O 19. Rxa7 1/2-1/2

[Event "GMA-Open"]
[Site "Belgrade"]
[Date "1988.??.??"]
[Round "?"]
[White "Rogers, Ian"]
[Black "Karpman, Vadim"]
[Result "0-1"]
[WhiteElo "2540"]
[BlackElo "2490"]
[PlyCount "52"]
[EventDate "1988.12.??"]
[Source "ChessBase"]

1. e4 c5 2. Nf3 Nc6 3. d4 cxd4 4. Nxd4 Qb6 5. Nb5 a6 6. Be3 Qd8 7. N5c3 e6 8. Be2 Nf6 9. f4 d5 10. e5 Nd7 11. Bf3 g5 12. fxg5 Ndxe5 13. Bxd5 exd5 14. Nxd5 Bg4 15. Qd2 Nc4 16. Qd3 N6e5 17. Qe4 Bf5 18. Qd4 Bg7 19. Nbc3 Nf3+ 20. gxf3 Bxd4 21. Bxd4 Qxg5 22. Nf6+ Ke7 23. Nce4 Bxe4 24. Nxe4 Qf4 25. Rd1 Rhd8 26. Bc5+ Ke6 0-1

[Event "Open A"]
[Site "Bratto"]
[Date "2004.08.27"]
[Round "8"]
[White "Dervishi, Erald"]
[Black "Sax, Gyula"]
[Result "1-0"]
[WhiteElo "2486"]
[BlackElo "2535"]
[PlyCount "68"]
[EventDate "2004.08.20"]
[Source "Roberto Alvarez"]
[SourceDate "2004.09.06"]

1. e4 c5 2. Nf3 Nc6 3. d4 cxd4 4. Nxd4 Qb6 5. Nb3 Nf6 6. Bd3 d5 7. exd5 Nxd5 8. O-O e6 9. c4 Nf6 10. Nc3 Be7 11. Qe2 O-O 12. Bg5 Qc7 13. Rfe1 a6 14. Rad1 b6 15. Bh4 Bb7 16. Bg3 Qc8 17. Qe3 Bd8 18. Bd6 Re8 19. Nd5 b5 20. Nb6 Bxb6 21. Qxb6 bxc4 22. Bxc4 Nd7 23. Qe3 Nb4 24. Na5 Nc2 25. Qb3 Nxe1 26. Nxb7 Nb6 27. Qxb6 Nf3+ 28. gxf3 Qxc4 29. Be5 Qe2 30. Qd4 f6 31. Bg3 Qxf3 32. Nd6 Re7 33. Rd3 Qh5 34. Qc4 Kh8 1-0

[Event "Metz op 20th"]
[Site "Metz"]
[Date "2002.04.19"]
[Round "7"]
[White "Zelcic, Robert"]
[Black "Petrov, Marijan"]
[Result "1-0"]
[WhiteElo "2544"]
[BlackElo "2476"]
[PlyCount "101"]
[EventDate "2002.04.13"]
[Source "ChessBase"]
[SourceDate "2002.05.03"]

1. e4 c5 2. Nf3 Nc6 3. d4 cxd4 4. Nxd4 Qb6 5. Nb3 Nf6 6. Bd3 e6 7. O-O Be7 8. Kh1 d5 9. exd5 exd5 10. Nc3 O-O 11. Bf4 Be6 12. Nb5 Rac8 13. Be3 Qd8 14. Nc5 a6 15. Nxb7 Qd7 16. Nc5 Bxc5 17. Bxc5 axb5 18. Bxf8 Kxf8 19. Bxb5 Qd6 20. f3 Qb4 21. Bxc6 Rxc6 22. Qc1 d4 23. a3 Qc4 24. Qd2 Nd5 25. Rfe1 f5 26. a4 Kf7 27. a5 Qb4 28. Qg5 h6 29. Qh5+ Kf8 30. Qh4 Ra6 31. h3 Kf7 32. Qh5+ Kf8 33. Rxe6 Rxe6 34. Qxf5+ Ke7 35. Qxd5 Qxb2 36. Qc5+ Kf7 37. Rd1 Qc3 38. Qxc3 dxc3 39. Ra1 Ra6 40. Kg1 Ke6 41. Kf2 Kd5 42. h4 h5 43. g4 hxg4 44. fxg4 Kd4 45. Ra4+ Kc5 46. Kg3 Kb5 47. Ra1 Kb4 48. h5 Kb5 49. g5 Kb4 50. g6 Kb5 51. Kh4 1-0

[Event "Warsaw zt-A"]
[Site "Warsaw"]
[Date "1987.??.??"]
[Round "?"]
[White "Sax, Gyula"]
[Black "Andonov, Bogomil"]
[Result "1/2-1/2"]
[WhiteElo "2570"]
[BlackElo "2450"]
[PlyCount "64"]
[EventDate "1987.02.??"]
[Source "ChessBase"]

1. e4 c5 2. Nf3 Nc6 3. d4 cxd4 4. Nxd4 Qb6 5. Nb3 Nf6 6. Bd3 d5 7. exd5 Nxd5 8. O-O e5 9. c4 Ndb4 10. Be3 Qd8 11. Be4 Qxd1 12. Rxd1 f5 13. Bxc6+ bxc6 14. Na3 Na6 15. Na5 Bd7 16. Nc2 f4 17. Bd2 O-O-O 18. Bc3 Re8 19. Rd2 Kc7 20. b4 e4 21. a3 Rg8 22. Re1 c5 23. Rd5 Ba4 24. b5 Bxc2 25. bxa6 Kb6 26. Re2 Ba4 27. Rb2+ Kxa6 28. Nb7 Rc8 29. Re5 Rc6 30. Re8 g5 31. Kf1 Bg7 32. Rxg8 Bxc3 1/2-1/2

[Event "Beersheba 16th"]
[Site "Beersheba"]
[Date "1997.03.??"]
[Round "9"]
[White "Tseitlin, Mark D"]
[Black "Golod, Vitali"]
[Result "1-0"]
[WhiteElo "2505"]
[BlackElo "2515"]
[PlyCount "69"]
[EventDate "1997.02.24"]
[Source "ChessBase"]

1. e4 c5 2. Nf3 Nc6 3. d4 cxd4 4. Nxd4 Qb6 5. Nxc6 bxc6 6. Bd3 g6 7. c4 Bg7 8. Nc3 d6 9. O-O Nf6 10. Qe2 O-O 11. Be3 Qc7 12. h3 Nd7 13. Qd2 Rb8 14. b3 Re8 15. Rac1 c5 16. Bh6 Bh8 17. f4 Bb7 18. f5 e6 19. Nb5 Qb6 20. fxg6 hxg6 21. Bb1 Be5 22. Bf4 Re7 23. Kh1 Rd8 24. Rcd1 Bxf4 25. Qxf4 Ne5 26. Qf6 a6 27. Rf4 g5 28. Qxg5+ Kf8 29. Qf6 Ke8 30. Nc3 Nc6 31. Na4 Qa5 32. Rg4 Nd4 33. e5 dxe5 34. Qxe5 Rc8 35. Rdxd4 1-0

[Event "EU-chT (Men)"]
[Site "Leon"]
[Date "2001.11.11"]
[Round "6.3"]
[White "Socko, Bartosz"]
[Black "Petrov, Marijan"]
[Result "1-0"]
[WhiteElo "2564"]
[BlackElo "2451"]
[PlyCount "152"]
[EventDate "2001.11.06"]
[Source "ChessBase"]
[SourceDate "2001.02.01"]

1. e4 c5 2. Nf3 Nc6 3. d4 cxd4 4. Nxd4 Qb6 5. Nb3 Nf6 6. Bd3 e6 7. O-O Be7 8. Be3 Qc7 9. f4 d6 10. a3 b6 11. Nc3 a6 12. Qf3 Bb7 13. Rae1 Na5 14. Nxa5 bxa5 15. Qh3 h5 16. Kh1 Ng4 17. Bd4 Bf6 18. Bxf6 Nxf6 19. Qg3 Qe7 20. e5 h4 21. Qxg7 Rg8 22. exf6 Rxg7 23. fxe7 Bxg2+ 24. Kg1 Kxe7 25. Kf2 Bxf1 26. Bxf1 Rb8 27. b3 Rc8 28. Nd5+ Kd8 29. Ne3 Rc6 30. Rd1 Kc7 31. Rd4 d5 32. Bd3 Kb6 33. f5 h3 34. Rh4 Kc5 35. b4+ axb4 36. axb4+ Kd6 37. Rxh3 Ke5 38. Rh8 Rb6 39. Rh4 Rg8 40. Ke2 Rgb8 41. c3 Ra8 42. Rh7 Rf8 43. Kd2 Rc6 44. Nc2 Kf4 45. Nd4 Rd6 46. fxe6 fxe6 47. Rh6 Ke5 48. Ke3 Rb6 49. Nb3 Rc6 50. Nc5 Ra8 51. h3 Ra7 52. Rh5+ Kd6 53. Rh6 Ke5 54. Rh5+ Kd6 55. Kd4 a5 56. Rh6 Re7 57. Bf5 axb4 58. Bxe6 Rxc5 59. Bf5+ Kc7 60. Kxc5 bxc3 61. Kd4 Kd8 62. Kxc3 Re5 63. Bd3 Ke7 64. Kd4 Re6 65. Rh5 Kf6 66. h4 Kg7 67. Rh7+ Kf6 68. Kxd5 Re5+ 69. Kd4 Rd5+ 70. Ke3 Re5+ 71. Kf4 Rf5+ 72. Kg4 Rd5 73. Be4 Re5 74. Kf3 Ra5 75. Rb7 Re5 76. Kf4 Rf5+ 1-0

[Event "It (open)"]
[Site "Maastricht (Netherlands)"]
[Date "2007.05.28"]
[Round "7"]
[White "Swinkels Robin (NED)"]
[Black "Kritz Leonid (GER)"]
[Result "0-1"]
[WhiteElo "2422"]
[BlackElo "2593"]
[PlyCount "114"]
[EventDate "2007.??.??"]
[Source "www.chesslib.no"]
[SourceDate "2004.05.04"]

1. e4 c5 2. Nf3 Nc6 3. d4 cxd4 4. Nxd4 Qb6 5. Nb3 Nf6 6. Bd3 e6 7. Qe2 d6 8. Nc3 a6 9. O-O g6 10. Be3 Qc7 11. f4 Bg7 12. a4 b6 13. Nd2 O-O 14. Nc4 Rb8 15. Nxd6 Qxd6 16. e5 Qc7 17. exf6 Bxf6 18. Bxa6 Nd4 19. Bxd4 Bxd4+ 20. Kh1 Bxc3 21. bxc3 Bxa6 22. Qxa6 Qxc3 23. Qd3 Qc7 24. Qe4 Rfc8 25. Ra2 Rd8 26. Rb2 Rd6 27. h3 Rbd8 28. Rb4 Qc3 29. Rc4 Qd2 30. Rc6 Rxc6 31. Qxc6 Rd6 32. Qc7 h5 33. Kh2 Kg7 34. Rf3 Qd4 35. a5 bxa5 36. Qxa5 Rc6 37. c3 Qe4 38. Qa7 Rc4 39. Qf2 Ra4 40. Qb2 Qc4 41. Qd2 Ra2 42. Qe1 Re2 43. Qg3 Qe4 44. h4 Re1 45. Qf2 Rd1 46. Qe3 Qb1 47. Rh3 Kg8 48. Qe2 Rh1+ 49. Kg3 Re1 50. Qd2 Rd1 51. Qe2 Qc1 52. Qe5 Rf1 53. Qb8+ Kg7 54. Qe5+ Kh7 55. Qe4 Qxc3+ 56. Kh2 Qf6 57. Kg3 Qf5 0-1

[Event "Beersheba-St Petersburg"]
[Site "Beersheba"]
[Date "1998.??.??"]
[Round "8"]
[White "Yemelin, Vasily"]
[Black "Avrukh, Boris"]
[Result "1/2-1/2"]
[WhiteElo "2490"]
[BlackElo "2525"]
[PlyCount "66"]
[EventDate "1998.03.03"]
[Source "ChessBase"]
[SourceDate "1998.09.30"]

1. e4 c5 2. Nf3 Nc6 3. d4 cxd4 4. Nxd4 Qb6 5. Nb5 Nf6 6. Be3 Qd8 7. N1c3 a6 8. Nd4 e5 9. Nf5 d5 10. Nxd5 Nxd5 11. exd5 Nb4 12. g4 g6 13. a3 Nxd5 14. Bg2 Be6 15. c4 Nf4 16. Bxf4 exf4 17. Nd4 Qa5+ 18. Kf1 Rd8 19. Bxb7 Bg7 20. Bd5 Bxd5 21. cxd5 Qxd5 22. Qe2+ Kf8 23. Nf3 h5 24. g5 h4 25. h3 Rh5 26. Re1 Bxb2 27. Kg2 Bxa3 28. Rd1 Qa8 29. Rxd8+ Qxd8 30. Qxa6 Bc5 31. Rc1 Rxg5+ 32. Nxg5 Qxg5+ 33. Kf1 Qf5 1/2-1/2

[Event "76th ch-UKR Final"]
[Site "Kharkiv UKR"]
[Date "2007.11.19"]
[Round "3"]
[White "Rogovski, V."]
[Black "Zubarev, Al1"]
[Result "1/2-1/2"]
[WhiteElo "2485"]
[BlackElo "2515"]
[PlyCount "116"]
[EventDate "2007.11.17"]
[Source "www.chesslib.no"]
[SourceDate "2004.05.04"]

1. e4 c5 2. Nf3 Nc6 3. d4 cxd4 4. Nxd4 Qb6 5. Nb3 Nf6 6. Bd3 d5 7. exd5 Nxd5 8. O-O g6 9. c4 Ndb4 10. Be4 Bg7 11. a3 Na6 12. Be3 Qc7 13. Nc3 O-O 14. Rc1 f5 15. Bf3 e5 16. Bd5+ Kh8 17. f4 e4 18. Qd2 Qe7 19. Qf2 Rd8 20. Nb5 Be6 21. Rfd1 Qf7 22. Qd2 Bxd5 23. cxd5 Ne7 24. Bd4 Rxd5 25. Nd6 Qe6 26. Bxg7+ Kxg7 27. Qc3+ Kg8 28. Nxb7 Rc8 29. Qe3 Rxc1 30. Rxc1 Qb6 31. N7c5 Nxc5 32. Nxc5 Qxb2 33. Kh1 Rd2 34. Rg1 Nd5 35. Qg3 Qc3 36. Ne6 Qf6 37. Ng5 h6 38. Nh3 Rd3 39. Qf2 Qd4 40. Qh4 Kg7 41. Qd8 Qf6 42. Qa8 Qe7 43. Rb1 Nb6 44. Qc6 Qd6 45. Qb7+ Qd7 46. Qb8 Rd1+ 47. Rxd1 Qxd1+ 48. Ng1 Qd7 49. Qe5+ Kh7 50. h4 Nc4 51. Qc5 Nb2 52. Ne2 Nd3 53. Qf8 Nf2+ 54. Kh2 Ng4+ 55. Kh3 h5 56. g3 Qb7 57. Nd4 e3 58. Nf3 Qxf3 1/2-1/2